<?xml version="1.0" encoding="UTF-8"?>
<record
    xmlns:xsi="http://www.w3.org/2001/XMLSchema-instance"
    xsi:schemaLocation="http://www.loc.gov/MARC21/slim http://www.loc.gov/standards/marcxml/schema/MARC21slim.xsd"
    xmlns="http://www.loc.gov/MARC21/slim">

  <leader>01702cam a2200253 a 4500</leader>
  <controlfield tag="001">000004708</controlfield>
  <controlfield tag="005">20200929151504.0</controlfield>
  <controlfield tag="008">950615s1994    sp           s000 0 spa  </controlfield>
  <datafield tag="020" ind1=" " ind2=" ">
    <subfield code="a">8478202048</subfield>
  </datafield>
  <datafield tag="040" ind1=" " ind2=" ">
    <subfield code="a">DO-SdBNP</subfield>
    <subfield code="c">DLC</subfield>
  </datafield>
  <datafield tag="082" ind1=" " ind2=" ">
    <subfield code="a">860.09</subfield>
    <subfield code="b">L776r</subfield>
  </datafield>
  <datafield tag="245" ind1="0" ind2="0">
    <subfield code="a">Literaturas regionales en Espa&#xF1;a :</subfield>
    <subfield code="b">historia y cr&#xED;tica /</subfield>
    <subfield code="c">edici&#xF3;n al cuidado de Jos&#xE9; Ma. Enguita y Jos&#xE9;-Carlos Mainer.</subfield>
  </datafield>
  <datafield tag="260" ind1=" " ind2=" ">
    <subfield code="a">Zaragoza :</subfield>
    <subfield code="b">Instituci&#xF3;n "Fernando el Cat&#xF3;lico,</subfield>
    <subfield code="c">1994.</subfield>
  </datafield>
  <datafield tag="300" ind1=" " ind2=" ">
    <subfield code="a">181 p. ;</subfield>
    <subfield code="c">24 cm.</subfield>
  </datafield>
  <datafield tag="490" ind1="1" ind2=" ">
    <subfield code="a">Publicaci&#xF3;n de la Instituci&#xF3;n "Fernando el Cat&#xF3;lico"</subfield>
    <subfield code="v">no. 1632</subfield>
  </datafield>
  <datafield tag="504" ind1=" " ind2=" ">
    <subfield code="a">Incluye referencias bibliogr&#xE1;ficas</subfield>
  </datafield>
  <datafield tag="505" ind1="0" ind2=" ">
    <subfield code="a">Literatura nacional y literaturas regionales / Jos&#xE9;-Carlos Mainer -- La invenci&#xF3;n de la literatura espa&#xF1;ola / Jos&#xE9;-Carlos Mainer -- Lengua y dial&#xE9;cto en la literatura regional : el caso bilbaino / Jon Juaristi -- Espa&#xF1;olidad, regionalismo y autocton&#xED;a en la literatura : la identidad asturiana / Alvaro Ruiz de la Pe&#xF1;a -- Andaluc&#xED;a como imagen literaria / Luis Garc&#xED;a Montero -- Literatura e historia : el caso de Canarias / Andres S&#xE1;nchez Robayna -- Construir una literatura regional / Francisco Javier Di&#xE9;z de Revenga -- "Los postes y el tendido" : realidades y prop&#xF3;sitos de la cultura literaria en Extremadura / Gregorio Torres Nebrera -- Los dias y los trabajos / Jos&#xE9; Manuel Blecua.</subfield>
  </datafield>
  <datafield tag="650" ind1=" " ind2="4">
    <subfield code="a">Literatura espa&#xF1;ola</subfield>
    <subfield code="x">Historia y cr&#xED;tica</subfield>
    <subfield code="9">3904</subfield>
  </datafield>
  <datafield tag="650" ind1=" " ind2="4">
    <subfield code="a">Literatura y sociedad</subfield>
    <subfield code="9">8111</subfield>
  </datafield>
  <datafield tag="700" ind1="1" ind2=" ">
    <subfield code="a">Enguita Utrilla, Jos&#xE9; Mar&#xED;a,</subfield>
    <subfield code="q">(Jos&#xE9; Mar&#xED;a)</subfield>
    <subfield code="9">13714</subfield>
  </datafield>
  <datafield tag="700" ind1="1" ind2=" ">
    <subfield code="a">Mainer, Jos&#xE9;-Carlos.</subfield>
    <subfield code="9">13715</subfield>
  </datafield>
  <datafield tag="830" ind1=" " ind2="0">
    <subfield code="a">Publicaci&#xF3;n de la Instituci&#xF3;n "Fernando el Cat&#xF3;lico" ;</subfield>
    <subfield code="v">no. 1632.</subfield>
    <subfield code="9">13716</subfield>
  </datafield>
  <datafield tag="910" ind1=" " ind2=" ">
    <subfield code="a">Catalogaci&#xF3;n por copia / LC</subfield>
  </datafield>
  <datafield tag="952" ind1=" " ind2=" ">
    <subfield code="0">0</subfield>
    <subfield code="1">0</subfield>
    <subfield code="5">2</subfield>
    <subfield code="7">0</subfield>
    <subfield code="8">MO</subfield>
    <subfield code="a">GR</subfield>
    <subfield code="b">GR</subfield>
    <subfield code="c">CT</subfield>
    <subfield code="d">2009-07-24</subfield>
    <subfield code="i">LF1</subfield>
    <subfield code="l">0</subfield>
    <subfield code="o">860.09 L776r</subfield>
    <subfield code="p">4708-10</subfield>
    <subfield code="r">2020-06-25</subfield>
    <subfield code="w">2020-06-25</subfield>
    <subfield code="y">2</subfield>
    <subfield code="Z">Pr&#xE9;stamo interno</subfield>
  </datafield>
  <datafield tag="999" ind1=" " ind2=" ">
    <subfield code="c">4514</subfield>
    <subfield code="d">4514</subfield>
  </datafield>
</record>
